Statistics for Monopoly Board (UK)

Click here to take the quiz!

General Stats

  • This quiz has been taken 1,242 times
  • The average score is 27 of 40

Answer Stats

Colour Answer % Correct
Mayfair
93%
Old Kent Road
86%
Park Lane
85%
GO
84%
Oxford Street
82%
Chance
80%
Chance
80%
Chance
80%
Community Chest
78%
Community Chest
78%
Community Chest
78%
Jail
77%
Pall Mall
76%
Kings Cross Station
75%
Piccadilly
73%
Trafalgar Square
73%
Electric Company
73%
Regent Street
71%
Free Parking
70%
Water Works
69%
Bond Street
69%
Liverpool Street Station
67%
Go To Jail
66%
Euston Road
63%
Whitechapel Road
63%
The Angel Islington
62%
Strand
62%
Leicester Square
62%
Income Tax
60%
Marylebone Station
60%
Vine Street
57%
Fleet Street
53%
Fenchurch Street Station
52%
Coventry Street
49%
Super Tax
49%
Pentonville Road
47%
Bow Street
47%
Marlborough Street
42%
Northumberland Avenue
42%
Whitehall
41%

Score Distribution

Percentile by Number Answered

Percent of People with Each Score

Your Score History

You have not taken this quiz